000
00214nam a22000857a 4500
008
170624b xxu||||| |||| 00| 0 eng d
100
_9
3654
_a
Woodwoth. R
245
_a
Sports Encyclopedia
260
_a
New Delhi
_b
Khel
_c
2000
999
_c
7057
_d
7057